| 000 | 00520nam a2200193 4500 | ||
|---|---|---|---|
| 001 | 24675 | ||
| 005 | 20230411085803.0 | ||
| 008 | 060907n2005 dr spa | ||
| 020 | _a0816046905 | ||
| 035 | _9funglode24860 | ||
| 041 | _aEN | ||
| 050 | 1 | 4 | _aR D 114 E58e 2005 |
| 100 | _aEnglish, Edward D. | ||
| 245 | 1 |
_aEncyclopedia of the medieval world / _cEdward D. English |
|
| 260 |
_aNew York : _bFacts On File, _c2005 |
||
| 300 | _a2 v. | ||
| 505 | _av. 1: A to L. -- v. 2: M to Z | ||
| 942 |
_2lcc _cbk |
||
| 999 |
_c107369 _d107369 |
||